Aventures de Don Quichotte de la Manche (Record no. 2847)

MARC details
000 -CABECERA
campo de control de longitud fija 01554nam a2200325 a 4500
001 - NÚMERO DE CONTROL
campo de control BRCA_3111
005 - FECHA Y HORA DE LA ÚLTIMA TRANSACCIÓN
campo de control 20190320204122.0
008 - DATOS DE LONGITUD FIJA--INFORMACIÓN GENERAL
campo de control de longitud fija 290109s1847----fr-a---###---#000-0dfre-u
041 ## - CÓDIGO DE LENGUA
Código de lengua del texto/banda sonora o título independiente fre
044 ## - CÓDIGO DEL PAÍS DE LA ENTIDAD EDITORA/PRODUCTORA
Código MARC del país fr
084 ## - OTRO NÚMERO DE CLASIFICACIÓN
Número de clasificación 417
Número de documento/Ítem .D387
-- 1847
100 1# - ENTRADA PRINCIPAL--NOMBRE DE PERSONA
Nombre de persona Cervantes Saavedra, Miguel de
Fechas asociadas al nombre 1547-1616
9 (RLIN) 213
245 10 - MENCIÓN DE TÍTULO
Título Aventures de Don Quichotte de la Manche
Mención de responsabilidad, etc. par Michel de Cervantes.
260 ## - PUBLICACIÓN, DISTRIBUCIÓN, ETC.
Lugar de publicación, distribución, etc. París
Nombre del editor, distribuidor, etc. E. Ducrocq
Fecha de publicación, distribución, etc. 1847
300 ## - DESCRIPCIÓN FÍSICA
Extensión xii, 484 p.
Otras características físicas il.
Dimensiones 22 cm.
500 ## - NOTA GENERAL
Nota general Contenido : Advertencia del editor. Nota historica y literaria sobre Cervantes. Texto de ambas partes. Resumen de la continuación hecha por Filleau de Saint-Martin
500 ## - NOTA GENERAL
Nota general Edición : Edition revue et corrigée par l´Abb, Lejeune chanoine, Professeur a la Faculte de Théologie de Rouen. Illustré de 20 grands Dessins par M.M. Célestin Nanteuil, Bouchot et Demoraine, Nouvelle edition et nouvelle traduction
500 ## - NOTA GENERAL
Nota general Edición igual al LO-416. Semipiel; lomo decorado con filetes dorados Lúdovik Osterc
500 ## - NOTA GENERAL
Nota general Estado físico : La edición presenta hojas desprendidas
500 ## - NOTA GENERAL
Nota general QM342
546 ## - NOTA DE LENGUA/LENGUAJE
Nota de lengua/lenguaje Texto en : francés
650 14 - PUNTO DE ACCESO ADICIONAL DE MATERIA--TÉRMINO DE MATERIA
Término de materia o nombre geográfico como elemento de entrada Novela española
Subdivisión cronológica Época clásica, 1500-1700
9 (RLIN) 215
650 14 - PUNTO DE ACCESO ADICIONAL DE MATERIA--TÉRMINO DE MATERIA
Término de materia o nombre geográfico como elemento de entrada Literatura española
Subdivisión cronológica Época clásica, 1500-1700
9 (RLIN) 216
650 14 - PUNTO DE ACCESO ADICIONAL DE MATERIA--TÉRMINO DE MATERIA
Término de materia o nombre geográfico como elemento de entrada Novela española
Subdivisión cronológica Siglo XVII
9 (RLIN) 217
650 14 - PUNTO DE ACCESO ADICIONAL DE MATERIA--TÉRMINO DE MATERIA
Término de materia o nombre geográfico como elemento de entrada Don Quijote (Personaje ficticio)
Término indicativo de función/relación Novela
9 (RLIN) 218
700 1# - PUNTO DE ACCESO ADICIONAL--NOMBRE DE PERSONA
Nombre de persona Saint-Martin, Francois Filleau de
Fechas asociadas al nombre 1632-1695
Término indicativo de función/relación Traductor
9 (RLIN) 8465
740 0# - PUNTO DE ACCESO ADICIONAL--TÍTULO RELACIONADO O ANALÍTICO NO CONTROLADO
Título relacionado o analítico no controlado El Ingenioso Hidalgo Don Quijote de la Mancha
902 ## - CATALOGADOR
Iniciales QFM
942 ## - ELEMENTOS DE PUNTO DE ACCESO ADICIONAL (KOHA)
Fuente del sistema de clasificación o colocación Library of Congress Classification
Tipo de ítem Koha Libros
Holdings
Estado de retiro Estado de pérdida Estado dañado No para préstamo Localización permanente Ubicación/localización actual Fecha de adquisición Número de inventario Total de préstamos Signatura topográfica completa Código de barras Fecha visto por última vez Precio válido a partir de Tipo de ítem Koha
El ejemplar forma parte de la colección y puede ser consultado según las políticas vigentes.       Biblioteca del Museo Franz Mayer (Rogerio Casas-Alatriste) Biblioteca del Museo Franz Mayer (Rogerio Casas-Alatriste) 29/01/2009 QM342   417 .D387 1847 (QM342) 3108 22/03/2019 22/03/2019 Libros